| 000 | 00393nam a22001457a 4500 | ||
|---|---|---|---|
| 999 |
_c7850 _d7850 |
||
| 003 | OSt | ||
| 005 | 20200526153820.0 | ||
| 008 | 200526b ||||| |||| 00| 0 eng d | ||
| 020 | _a9789814286749 | ||
| 082 |
_a742 _bBAR |
||
| 100 | _aBarros, Héctor | ||
| 245 |
_aHow to draw perspective step-by-step _bRu he zhu bu hua chu tou shi tu |
||
| 260 |
_aAsia _bPage One Publishing _c2011 |
||
| 942 | _2ddc | ||